Why a house should be surveyed (Record no. 77245)

MARC details
000 -LEADER
fixed length control field 00583cab a22001575a 4500
001 - CONTROL NUMBER
control field ##L133887
008 - FIXED-LENGTH DATA ELEMENTS--GENERAL INFORMATION
fixed length control field 060615s1950 xxk 000 0 eng u
035 ## - SYSTEM CONTROL NUMBER
System control number (Sirsi) u133887
041 0# - LANGUAGE CODE
Language code of text/sound track or separate title eng
245 00 - TITLE STATEMENT
Title Why a house should be surveyed
260 ## - PUBLICATION, DISTRIBUTION, ETC.
Date of publication, distribution, etc. [ca. 1950]
520 ## - SUMMARY, ETC.
Summary, etc. Reprinted from Daily Mail publication "Buying or selling your house", and authored by a chartered surveyor. Aimed at the layman. Explains how to get a structural survey done and what the report will cover.
651 #4 - SUBJECT ADDED ENTRY--GEOGRAPHIC NAME
Geographic name United Kingdom
Chronological subdivision
690 ## - LOCAL SUBJECT ADDED ENTRY--TOPICAL TERM (OCLC, RLIN)
Topical term or geographic name as entry element BUILT ENVIRONMENT-BUILDING INSPECTION
942 ## - ADDED ENTRY ELEMENTS (KOHA)
Suppress in OPAC 0
Holdings
Withdrawn status Lost status Source of classification or shelving scheme Damaged status Not for loan Home library Current library Shelving location Date acquired Total Checkouts Full call number Barcode Date last seen Copy number Price effective from Koha item type
    Dewey Decimal Classification     Historic collection Historic collection RICS Boxes 15/06/2006   RICS 1950 133887-2001 06/08/2019 1 06/08/2019 Archive
    Dewey Decimal Classification     Historic collection Historic collection RICS Boxes 15/06/2006   RICS 1950 133887-2002 06/08/2019 2 06/08/2019 Archive